Unions, employers and government; (Record no. 73551)

MARC details
000 -LEADER
fixed length control field 00715cam a22002411 4500
001 - CONTROL NUMBER
control field sa 67002952
003 - CONTROL NUMBER IDENTIFIER
control field DLC
005 - DATE AND TIME OF LATEST TRANSACTION
control field 20260227112334.0
008 - FIXED-LENGTH DATA ELEMENTS--GENERAL INFORMATION
fixed length control field 751110s1966 ii 000 0 eng
010 ## - LIBRARY OF CONGRESS CONTROL NUMBER
LC control number sa 67002952
035 ## - SYSTEM CONTROL NUMBER
System control number (OCoLC)1822575
040 ## - CATALOGING SOURCE
Original cataloging agency DLC
Transcribing agency FJ
Modifying agency OCoLC
-- DLC
050 00 - LIBRARY OF CONGRESS CALL NUMBER
Classification number HD5598.A3
Item number K4
082 ## - DEWEY DECIMAL CLASSIFICATION NUMBER
Classification number 331.1/9/95
100 1# - MAIN ENTRY--PERSONAL NAME
Personal name Kennedy, Van Dusen,
Dates associated with a name 1914-
245 10 - TITLE STATEMENT
Title Unions, employers and government;
Remainder of title essays on Indian labour questions.
260 ## - PUBLICATION, DISTRIBUTION, ETC.
Place of publication, distribution, etc. Bombay,
Name of publisher, distributor, etc. Manaktalas
Date of publication, distribution, etc. [1966]
300 ## - PHYSICAL DESCRIPTION
Extent xi, 227 p.
Dimensions 23 cm.
504 ## - BIBLIOGRAPHY, ETC. NOTE
Bibliography, etc. note Bibliography: p. 219-223.
650 #0 - SUBJECT ADDED ENTRY--TOPICAL TERM
Topical term or geographic name entry element Collective bargaining
Geographic subdivision India.
650 #0 - SUBJECT ADDED ENTRY--TOPICAL TERM
Topical term or geographic name entry element Labor unions
Geographic subdivision India.
650 #0 - SUBJECT ADDED ENTRY--TOPICAL TERM
Topical term or geographic name entry element Labor laws and legislation
Geographic subdivision India.

No items available.

Powered by Koha